Catàleg del Col·legi de Periodistes de Catalunya

El Camarot del capità : (Registre núm. 7983)

000 -CABECERA
Longitud fija campo de control 01118cam a2200337 i 4500
001 - NÚMERO DE CONTROL
Número de control 991003717209706706
003 - IDENTIFICADOR DEL NÚMERO DE CONTROL
Identificador del número de control OSt
005 - FECHA Y HORA DE LA ÚLTIMA TRANSACCIÓN
Fecha y hora de la última transacción 20241125141059.0
008 - CÓDIGOS DE INFORMACIÓN DE LONGITUD FIJA
Códigos de información de longitud fija 210503e202104 spc 000 0 cat|c
015 ## - NÚMERO DE BIBLIOGRAFÍA NACIONAL
Número de bibliografía nacional LL2021
Fuente bnc
017 ## - NÚMERO DE COPYRIGHT O DE DEPÓSITO LEGAL
Número de copyright o de depósito legal DL B 4110-2021
Agencia que asigna el número Biblioteca de Catalunya
020 ## - NÚMERO INTERNACIONAL NORMALIZADO PARA LIBROS
Número Internacional Normalizado para Libros (ISBN) 9788497103190
035 ## - NÚMERO DE CONTROL DEL SISTEMA
Número de control del sistema (ES-BaCBU).b75302287
035 ## - NÚMERO DE CONTROL DEL SISTEMA
Número de control del sistema (OCoLC)1251784575
040 ## - FUENTE DE LA CATALOGACIÓN
Centro catalogador de origen ES-BaUB
Lengua de catalogación cat
Normas de descripción rda
Centro transcriptor CDMR
043 ## - CÓDIGO DE ÁREA GEOGRÁFICA
Código de área geográfica e-sp---
Código local GAC e-spc-- |2 catmarc
080 ## - NÚMERO DE LA CLASIFICACIÓN DECIMAL UNIVERSAL
Número de la Clasificación Decimal Universal 929Carol, Màrius
Identificador de la edición 2004
080 ## - NÚMERO DE LA CLASIFICACIÓN DECIMAL UNIVERSAL
Número de la Clasificación Decimal Universal 32
Subdivisión auxiliar común (460.23)
-- "20"
Identificador de la edición 2004
080 ## - NÚMERO DE LA CLASIFICACIÓN DECIMAL UNIVERSAL
Número de la Clasificación Decimal Universal 070
Subdivisión auxiliar común =134.1
Identificador de la edición 2004
100 1# - PUNTO DE ACCESO PRINCIPAL-NOMBRE DE PERSONA
Nombre de persona Carol Pañella, Màrius
9 (RLIN) 817
245 13 - MENCIÓN DE TÍTULO
Título El Camarot del capità :
Resto del título el mirador privilegiat d'un director de diari en temps convulsos (2013-2020) /
Mención de responsabilidad, etc. Màrius Carol
264 #1 - PRODUCCIÓN, PUBLICACIÓN , DISTRIBUCIÓN, FABRICACIÓN Y COPYRIGHT
Lugar de producción, publicación, distribución, fabricación Barcelona :
Nombre del productor, editor, distribuidor, fabricante Destino,
Fecha de de producción, publicación, distribución, fabricación o copyright 2021
300 ## - DESCRIPCIÓN FÍSICA
Extensión 250 pàgines ;
Dimensiones 23 cm
490 1# - MENCIÓN DE SERIE
Mención de serie L'Àncora
651 #7 - PUNTO DE ACCESO ADICIONAL DE MATERIA - NOMBRE GEOGRÁFICO
Nombre geográfico Catalunya
Subdivisión de materia general Política i govern
Subdivisión cronológica S. XXI.
Fuente del encabezamiento o término lemac
830 #0 - PUNTO DE ACCESO ADICIONAL DE SERIE - TÍTULO UNIFORME
Título uniforme Àncora
907 ## - ELEMENTO G DATOS LOCALES, GDL (RLIN)
a .b75302287
b 21-06-21
c 03-05-21
d 03-05-21
e m
f a
g -
h cat
i spc
j 0
k 0
908 ## - CONTROL DE PARÁMETROS (RLIN)
Parametro de comando lanzado UB
-- URL
-- CLR
-- UAB
-- BAB
-- BMON
-- BC
940 ## -
T&íacute;tulo uniforme <a href="Diba">Diba</a>
942 ## - ENTRADA DE ELEMENTOS AGREGADOS (KOHA)
Fuente de clasificaión o esquema
Koha [por defecto] tipo de item Monografies
Fons
Suprimido Perdido Estropeado No para pr&eacute;stamo Localizaci&oacute;n permanente Localizaci&oacute;n actual Fecha adquisici&oacute;n Coste, precio normal de compra Signatura completa C&oacute;digo de barras Fecha &uacute;ltima consulta Fecha del precio de reemplazo Tipo de item de Koha
        Centre de Documentació Montserrat Roig Centre de Documentació Montserrat Roig 2024-11-25 21.00 Du 1/219 CDMR24111265 2024-11-25 2024-11-25 Monografies

Implantat amb Koha